• 首页
  • 本馆介绍
  • 公告通知
  • 最新文献
  • 馆藏检索
  • 电子资源
  • 读者导购
  • 参考咨询
  • 我的图书馆
  • 登录
  • 详细信息显示
  • 放入我的书架
  • 预约/预借图书
  • 作者相关作品
  • 分类相关作品
  • 丛书相关作品
  • 出版社相关作品

书目信息

  • 表格格式
  • 工作单格式
  • 卡片格式
题名:
关心下一代工作与社区教育
    
 
作者: 姚喜双 主编
分册:  
出版信息: 北京   社会科学文献出版社·群学出版分社  2019.12
页数: 242页
开本: 24cm
丛书名:
单 册:
中图分类: G775
科图分类:
主题词: 青少年教育--qing shao nian jiao yu--社区教育--研究--中国
电子资源:
ISBN: 978-7-5201-5813-8
000 02249nam0 2200265 450
001 0109110101
005 20201109110334.0
010    @a978-7-5201-5813-8@dCNY98.00
100    @a20200611d2019 em y0chiy50 ea
101 0  @achi
102    @aCN@b110000
105    @ay z 000yy
106    @ar
200 1  @a关心下一代工作与社区教育@Aguan xin xia yi dai gong zuo yu she qu jiao yu@e全国教育系统关心下一代工作委员会社区教育发展报告@f姚喜双主编
210    @a北京@c社会科学文献出版社·群学出版分社@d2019.12
215    @a242页@d24cm
300    @a本书出版获重庆课堂内外杂志有限责任公司资助
314    @a姚喜双,文学博士,中国社会科学院研究生院教授、博士生导师,中国传媒大学兼职教授、博士生导师。教育部语言文字应用管理司原司长,现任教育部关心下一代工作委员会常务副主任、教育部关心下一代工作委员会社区教育中心主任。
330    @a本书分为上下两篇。上篇《教育系统关工委社区教育发展报告》,分为四章,从教育系统关工委的性质、任务、工作方针与特点谈起,分析关心下一代工作与社区教育的关系,全面总结和梳理了教育系统关工委开展社区教育的历程、方式、成效和经验,并提出未来发展的建议。下篇“社区教育优秀案例汇编”,编列了来自全国不同省市自治区的社区教育优秀案例30篇。本书分为上下两篇。上篇为“全国教育系统关工委社区教育发展报告”,包含四章。第一章“教育关工委与社区教育”,概述了教育系统关工委基本情况,梳理了开展关心下一代工作与社区教育的关系,说明社区教育是教育系统关工委开展关心下一代工作的有效途径之一;第二章“社区教育发展状况”,全面回顾了教育系统关工委自成立以来参与推进社区教育工作的历程,并从工作方式、工作成绩等维度系统总结了教育系统关工委的社区教育工作;第三章“社区教育工作经验”,从十个方面总结了教育系统关工委开展社区教育工作之所以能取得成效的有益经验;第四章“未来工作建议”,从当前教育系统关工委社区教育工作面临的挑战展开,结合工作现状和经验,从加强领导、落实责任、强化保障、贯彻方针、出台意见、开展工作六个维度提出了未来加强社区教育工作的建议。下篇为“社区教育优秀案例汇编”。
517 1  @a全国教育系统关心下一代工作委员会社区教育发展报告@Aquan guo jiao yu xi tong guan xin xia yi dai gong zuo wei yuan hui she qu jiao yu fa zhan bao gao
606 0  @a青少年教育@Aqing shao nian jiao yu@x社区教育@x研究@y中国
690    @aG775@v5
701  0 @a姚喜双@Ayao xi shuang@4主编
801  0 @aCN@bBJSZM@c20201103
905    @b1266326-30@dG775@e40@f5
    
    关心下一代工作与社区教育:全国教育系统关心下一代工作委员会社区教育发展报告/姚喜双主编.-北京:社会科学文献出版社·群学出版分社,2019.12
    242页;24cm
    本书出版获重庆课堂内外杂志有限责任公司资助
    
    ISBN 978-7-5201-5813-8:CNY98.00
    本书分为上下两篇。上篇《教育系统关工委社区教育发展报告》,分为四章,从教育系统关工委的性质、任务、工作方针与特点谈起,分析关心下一代工作与社区教育的关系,全面总结和梳理了教育系统关工委开展社区教育的历程、方式、成效和经验,并提出未来发展的建议。下篇“社区教育优秀案例汇编”,编列了来自全国不同省市自治区的社区教育优秀案例30篇。本书分为上下两篇。上篇为“全国教育系统关工委社区教育发展报告”,包含四章。第一章“教育关工委与社区教育”,概述了教育系统关工委基本情况,梳理了开展关心下一代工作与社区教育的关系,说明社区教育是教育系统关工委开展关心下一代工作的有效途径之一;第二章“社区教育发展状况”,全面回顾了教育系统关工委自成立以来参与推进社区教育工作的历程,并从工作方式、工作成绩等维度系统总结了教育系统关工委的社区教育工作;第三章“社区教育工作经验”,从十个方面总结了教育系统关工委开展社区教育工作之所以能取得成效的有益经验;第四章“未来工作建议”,从当前教育系统关工委社区教育工作面临的挑战展开,结合工作现状和经验,从加强领导、落实责任、强化保障、贯彻方针、出台意见、开展工作六个维度提出了未来加强社区教育工作的建议。下篇为“社区教育优秀案例汇编”。
●
相关链接 在E读中查询图书 在五车中查询图书 在当当中查询图书 在豆瓣中查询图书


正题名:关心下一代工作与社区教育     索取号:G775/40         预约/预借

序号 登录号 条形码 馆藏地/架位号 状态 备注
1 1266326   212663269   第一样本阅览室/ [索取号:G775/40] 在馆    
2 1266327   212663278   教育系资料室/ [索取号:G775/40] 在馆    
3 1266328   212663287   教育系资料室/ [索取号:G775/40] 在馆    
4 1266329   212663296   第四借阅区/ [索取号:G775/40] 在馆    
5 1266330   212663303   第四借阅区/ [索取号:G775/40] 在馆    
唐山师范学院图书馆 欢迎您!
大连网信软件有限公司© 版权所有